000
00225nam a22000857a 4500
008
160705b xxu||||| |||| 00| 0 eng d
100
_9
2240
_a
Saxena, S
245
_a
Ms - Word 2000 in a Nutshell
260
_a
New Delhi
_b
Vikas
_c
2000
999
_c
1929
_d
1929